Responses for Show #5267 - Tuesday, July 3, 2007

Cathy Lanctot game 6.

Contestants

[<< previous game]

Holly Owens, a physician originally from Tulsa, Oklahoma

Keith Kashiwada, a community college professor from Honolulu, Hawaii

Cathy Lanctot, a law professor from Wilmington, Delaware (whose 5-day cash winnings total $116,102)

[next game >>]

Jeopardy! Round responses

YOU CAN QUOTE ME
STUPID SHOW BIZ ANSWERS
(Alex: That's a redundancy.)
IT FLOATS!
DISCARDED LITERARY ENDINGS
(Alex: You have to identify the work for us.)
FUN ACROSS AMERICA
MIXED NUTS
(Alex: ...which are anagrams of nuts.)
    $200 6
Richard Nixon

Cathy
    $200 11
Danny

Keith
    $200 26
balsa

Holly
    $200 1
The Wizard of Oz

Cathy
    $200 21
Hawaii

Cathy
    $200 16
almond

Keith
    $400 7
Lou Gehrig

Holly
    $400 12
(Cathy: What is Studio 54?)
...
(Alex: I guess it wasn't stupid enough.)

54

CathyHolly
    $400 27
(Cathy: What's a glacier?)

an iceberg

CathyHolly
    $400 2
The Cat in the Hat

Holly
    $400 22
the Mall of America

Holly
    $400 17
pistachio

Holly
    $600 8
F.D.R.

Cathy
    $600 13
Annie

Cathy
    $600 28
pumice

Keith
    $600 3
Death of a Salesman

Cathy
    $600 23
the Wynn

Triple Stumper
    $600 18
(Alex: You gotta get that one.)

macadamia

Keith
    $800 9
(Douglas) MacArthur

Holly
    $800 14
Mrs. Miniver

Keith
    $2,000 29
(Keith: Well, I've always wanted to say it. Let's make it a True Daily Double.)
...
(Keith: What is... ginger?)
[The end-of-round signal sounds.]

a water lily

Keith
    $800 4
Les Misérables

Keith
    $800 24
(Cathy: What is Universal?)
...
(Keith: What is [**]?)
(Alex: We'll accept that. [*] would be more specific.)

EPCOT (Disney World accepted)

CathyKeith
    $800 19
Brazil nut

Holly
    $1000 10
(Keith: Who is Martin Luther King, Jr.?)

Jesse Jackson

CathyKeith
    $1000 15
(Cathy: What is Beau Geste?)
(Holly: What is The Last Big Picture Show?)
(Keith: What is The Last Beau Geste?)

The Last Remake of Beau Geste

CathyKeithHolly
Triple Stumper
    $1000 5
Pride and Prejudice

Holly
    $1000 25
Celestial Seasonings

Cathy
    $1000 20
filbert

Cathy

Scores at the first commercial break (after clue 13):

Cathy Keith Holly
$2,800 $0 $3,000

Scores at the end of the Jeopardy! Round:

Cathy Keith Holly
$2,800 $0 $4,200

Double Jeopardy! Round responses

U.S. GEOGRAPHIC DISTINCTIONS
HOW INSTRUMENTAL
FOOD FACTS
"HI"
MY NAME IS GEORGE
I'LL BE YOUR WAITER
    $400 26
Michigan

Cathy
    $400 21
a sitar

Cathy
    $400 16
curry

Cathy
    $400 1
hibernate

Cathy
    $400 2
George Jetson

Holly
    $400 11
Napoleon

Cathy
    $800 27
Alaska

Keith
    $800 22
waltz

Holly
    $800 17
(Holly: What is [*] mustard?)
(Alex: [*] mustard, [*], yes.)

honey

Holly
    $800 4
hindsight

Keith
    $800 3
George Clooney

Triple Stumper
    $800 12
Odysseus

Cathy
    $1200 28
(Holly: What is Missouri?)
...
(Alex: Holly, you were one state off. [*].)

Kansas

Holly
Triple Stumper
    $1200 23
Haydn

Cathy
    $1200 18
(Cathy: What is Roquefort?)
...
(Alex: A lot of cheeses have been called the king of cheese, but according to the Congress of Vienna, [*]. Softie, [*].)

Brie

Cathy
Triple Stumper
    $1200 5
hives

Holly
    $1200 8
George Harrison

Keith
    $1200 13
Pocahontas

Cathy
    $1600 29
(Keith: What is Washington?)
...
(Alex: That leaves 2 West Coast states, uh, except for Alaska, and this one is [*].)
[The end-of-round signal sounds.]

Oregon

Keith
Triple Stumper
    $1600 24
(Alex: Cajun type of button cordine, [*].)

accordion

Triple Stumper
    $1600 19
(Alex: You're not watching the right TV commercials. [*].)

ciabatta

Triple Stumper
    $1600 6
a hiatus

Keith
    $2,500 9
(Alex: [*] in Oh, God! Right.)

George Burns

Keith
    $1600 14
(Cathy: What is Waiting for [*]?)
(Alex: [*], yes.)

Godot

Cathy
    $2000 25
a dulcimer

Cathy
    $2000 20
broccoli

Holly
    $2000 7
a hierarchy

Holly
    $2000 10
George Carlin

Keith
    $1,500 15
Guy Fawkes

Cathy

Scores at the end of the Double Jeopardy! Round:

Cathy Keith Holly
$11,900 $7,300 $10,200

[wagering suggestions for these scores]

Final Jeopardy! Round responses

SCULPTORS
(Alex: [To Keith] You were going for--looks like "Capitol", but you'd have had to be more specific than that.)
...
[Holly laughs as her response is revealed.]
(Alex: Were you funny?)
(Holly: Yeah. "What are the Chief Justices?")
(Alex: "What is the Chief Justices?" You are incorrect.)
(Holly: [Smiles] Yeah.)
...
(Alex: No, what is [*] on Capitol Hill?)
KeithWhat is the Capit
$3,000
HollyWhat is the Chief Justices?
$2,699
CathyWhat is the Baseball Hall of Fame?
$8,501
Statuary Hall

Final scores:

Cathy Keith Holly
$3,399 $4,300 $7,501
3rd place: $1,000 2nd place: $2,000 New champion: $7,501

Game dynamics:

Coryat scores:

Cathy Keith Holly
$12,400 $8,400 $10,200
20 R
(including 1 DD),
5 W
13 R
(including 1 DD),
4 W
(including 1 DD)
16 R,
2 W

Combined Coryat: $31,000

[game clues] [game scores] [suggest correction]

Game tape date: 2007-04-12
The J! Archive is created by fans, for fans. Scraping, republication, monetization, and malicious use prohibited; this site may use cookies and collect identifying information. See terms. The Jeopardy! game show and all elements thereof, including but not limited to copyright and trademark thereto, are the property of Jeopardy Productions, Inc. and are protected under law. This website is not affiliated with, sponsored by, or operated by Jeopardy Productions, Inc. Join the discussion at JBoard.tv.